[Event "Championship Moscow 2019"]
[Site "Moscow"]
[Date "2019.04.05"]
[Round "7.16"]
[White "Zakharova, Oksana"]
[Black "Ivanova, Anastasia S"]
[Result "1/2-1/2"]
[WhiteElo "1751"]
[BlackElo "1860"]
[PlyCount "140"]
[EventDate "2019.03.30"]

1. c4 g6 2. Nc3 Bg7 3. g3 d6 4. Bg2 e5 5. Nf3 Nc6 6. O-O f5 7. d3 Nf6 8. Qc2
O-O 9. Rb1 a5 10. b3 h6 11. h4 Nh7 12. Nd5 Be6 13. Bd2 Rf7 14. b4 Bxd5 15. cxd5
Nxb4 16. Bxb4 axb4 17. Rxb4 b6 18. Rc1 Nf6 19. Rc4 Ne8 20. Ra4 Nf6 21. Qc6 Rxa4
22. Qxa4 Nd7 23. Qb5 Nc5 24. Nd2 g5 25. h5 Qf6 26. Nb3 g4 27. Nxc5 dxc5 28.
Qe8+ Bf8 29. Qe6 Qg5 30. Rb1 Bd6 31. a4 Kg7 32. Ra1 Qxh5 33. a5 bxa5 34. Rxa5
f4 35. Ra4 Re7 36. Qc8 Rf7 37. Qe6 Qg5 38. gxf4 exf4 39. Kf1 h5 40. Ra8 Bf8 41.
Be4 f3 42. e3 g3 43. Ra6 Bd6 44. Qh3 g2+ 45. Kg1 Qxe3 46. Qxg2+ fxg2 47. fxe3
Rf6 48. Kxg2 h4 49. Kh3 Kh6 50. Ra8 Bg3 51. Re8 Kg7 52. Re7+ Kf8 53. Rd7 Ke8
54. Rh7 Rf2 55. Kg4 Rf1 56. Bg6+ Kd8 57. Kg5 Rf3 58. Be4 Rf8 59. Bf5 Rg8+ 60.
Kf6 Rf8+ 61. Rf7 Rxf7+ 62. Kxf7 Bf2 63. e4 Bd4 64. Ke6 Bf2 65. e5 Bg3 66. d6
cxd6 67. Kxd6 Bf4 68. Ke6 Bg5 69. Kd5 Be7 70. e6 Bf8 1/2-1/2

[Event "Championship Moscow 2019"]
[Site "Moscow"]
[Date "2019.04.05"]
[Round "7.17"]
[White "Zakharova, Anna"]
[Black "Todua, Anastasia"]
[Result "0-1"]
[WhiteElo "1820"]
[BlackElo "1610"]
[PlyCount "70"]
[EventDate "2019.03.30"]

1. e4 c5 2. Nf3 e6 3. d4 cxd4 4. Nxd4 Nf6 5. Nc3 a6 6. g3 Nc6 7. Bg2 Be7 8. O-O
O-O 9. Be3 Qc7 10. Nxc6 dxc6 11. f4 Rd8 12. Qe2 b5 13. g4 Bb7 14. g5 Nd7 15. f5
exf5 16. exf5 Bd6 17. Ne4 Bxh2+ 18. Kh1 Be5 19. f6 c5 20. Qh5 Bxb2 21. fxg7
Bxg7 22. Qxf7+ Kh8 23. Nf6 Bxg2+ 24. Kxg2 Qc6+ 25. Kh2 Ne5 26. Qh5 Bxf6 27.
gxf6 Qe4 28. Rae1 Rg8 29. Re2 Rg4 30. Rf4 Nf3+ 31. Kh3 Rxf4 32. Bxf4 Qxe2 33.
f7 Ng1+ 34. Kh4 Qxh5+ 35. Kxh5 Kg7 0-1

[Event "Championship Moscow 2019"]
[Site "Moscow"]
[Date "2019.04.05"]
[Round "7.18"]
[White "Khachatryan, Nadezhda"]
[Black "Putinceva, Marina"]
[Result "1-0"]
[WhiteElo "1738"]
[BlackElo "1519"]
[PlyCount "77"]
[EventDate "2019.03.30"]

1. e4 e5 2. Nf3 Nc6 3. Nc3 Nf6 4. d4 exd4 5. Nxd4 Bb4 6. Nxc6 bxc6 7. Bd3 d5 8.
exd5 cxd5 9. O-O O-O 10. Bg5 c6 11. Qf3 Bd6 12. h3 h6 13. Bf4 Rb8 14. b3 Be6
15. Rad1 Bxf4 16. Qxf4 Nd7 17. Ne2 Qf6 18. Qg3 c5 19. Nf4 Nb6 20. h4 Bf5 21.
Nh5 Qg6 22. Bxf5 Qxh5 23. Qh3 Qe2 24. Rfe1 Qa6 25. Qc3 c4 26. Re7 Rb7 27. Re3
Qb5 28. Rg3 f6 29. a4 Qc6 30. a5 Nc8 31. bxc4 dxc4 32. Qe3 Qb5 33. Bxc8 Rxc8
34. Qe6+ Kh8 35. f4 f5 36. Re1 Qc6 37. Rg6 Re7 38. Qe5 Rf8 39. Rxh6+ 1-0

[Event "Championship Moscow 2019"]
[Site "Moscow"]
[Date "2019.04.05"]
[Round "7.19"]
[White "Shevtsova, Stefania"]
[Black "Eremina, Viktoria"]
[Result "1-0"]
[WhiteElo "1684"]
[BlackElo "1456"]
[PlyCount "77"]
[EventDate "2019.03.30"]

1. e4 c6 2. d4 d5 3. e5 c5 4. Nf3 Nc6 5. Be3 cxd4 6. Bxd4 Nxd4 7. Nxd4 a6 8.
Nc3 e6 9. Be2 Ne7 10. O-O Ng6 11. f4 Bc5 12. Kh1 O-O 13. Nb3 Be3 14. g3 Bd7 15.
Qd3 Bb6 16. Bf3 Ne7 17. Rae1 Nf5 18. g4 Nh4 19. Bg2 Nxg2 20. Kxg2 Bc6 21. Nd4
Bd7 22. Rf3 Qh4 23. Rg3 Qh6 24. g5 Qg6 25. f5 Qh5 26. h3 Qh4 27. Nf3 Qf4 28. f6
Qb4 29. Rg4 Qc5 30. Re2 Ba7 31. Rh4 g6 32. Nd4 Qc4 33. Nf5 Qxd3 34. Ne7+ Kh8
35. cxd3 Bc6 36. d4 Bb6 37. Rf2 Rae8 38. Rff4 Bd8 39. Rxh7+ 1-0

[Event "Championship Moscow 2019"]
[Site "Moscow"]
[Date "2019.04.05"]
[Round "7.20"]
[White "Chagina, Ulyana"]
[Black "Soblirova, Sabina"]
[Result "1-0"]
[WhiteElo "1739"]
[BlackElo "1516"]
[PlyCount "110"]
[EventDate "2019.03.30"]

1. d4 Nf6 2. Nf3 c5 3. d5 g6 4. Nc3 Bg7 5. e4 d6 6. Bf4 O-O 7. Be2 Bd7 8. O-O
b5 9. e5 Nh5 10. Qd2 Nxf4 11. Qxf4 b4 12. Nd1 Bf5 13. Ne3 dxe5 14. Nxe5 Qd6 15.
N3c4 Bxe5 16. Qxe5 Qxe5 17. Nxe5 a5 18. Rac1 Ra7 19. Bc4 Kg7 20. Rfe1 h5 21.
Re2 Re8 22. Bb5 Rd8 23. Bc4 Rd6 24. Rce1 e6 25. dxe6 Bxe6 26. Bxe6 Rxe6 27. Nc4
Rxe2 28. Rxe2 Nc6 29. f3 Rd7 30. Kf2 Rd4 31. Nd2 Rh4 32. Kg3 Rd4 33. Nb3 Rd5
34. Rd2 Re5 35. Rd6 Ne7 36. Kf2 c4 37. Nd2 Rc5 38. Ne4 Re5 39. Rd4 f5 40. Nd6
c3 41. bxc3 Rc5 42. c4 Nc6 43. Rd5 Rxd5 44. cxd5 Nd4 45. Ke3 Nxc2+ 46. Kd2 Na3
47. Kd3 Kf6 48. Nc4 Nxc4 49. Kxc4 Ke5 50. Kc5 a4 51. f4+ Ke4 52. d6 b3 53. axb3
axb3 54. d7 b2 55. d8=Q b1=Q 1-0

[Event "Championship Moscow 2019"]
[Site "Moscow"]
[Date "2019.04.05"]
[Round "7.21"]
[White "Komarova, Viktoria"]
[Black "Petrova, Elizaveta"]
[Result "1/2-1/2"]
[WhiteElo "1567"]
[BlackElo "1403"]
[PlyCount "81"]
[EventDate "2019.03.30"]

1. d4 Nf6 2. c4 e6 3. Nc3 Bb4 4. Qc2 O-O 5. Bg5 h6 6. Bh4 d5 7. cxd5 exd5 8. e3
c6 9. Bd3 Nbd7 10. Nf3 Re8 11. O-O Bxc3 12. bxc3 b6 13. c4 Bb7 14. cxd5 cxd5
15. Rac1 Rc8 16. Qb2 Qe7 17. Bb5 Rf8 18. Ne5 g5 19. Bg3 Nxe5 20. Bxe5 Nd7 21.
Bxd7 Qxd7 22. Qb1 f6 23. Qg6+ Qg7 24. Qxg7+ Kxg7 25. Bd6 Rfd8 26. Be7 Re8 27.
Bd6 Ba6 28. Rfd1 Bc4 29. a3 Rc6 30. Bb4 a5 31. Bd2 Rec8 32. Rb1 Bd3 33. Rbc1
Rxc1 34. Rxc1 Rxc1+ 35. Bxc1 Kf7 36. f3 Ke6 37. Kf2 Kd6 38. Ke1 Kc6 39. Kd2 Bg6
40. Kc3 Kb5 41. Bb2 1/2-1/2

[Event "Championship Moscow 2019"]
[Site "Moscow"]
[Date "2019.04.05"]
[Round "7.22"]
[White "Gaer, Margarita"]
[Black "Zvereva, Margarita"]
[Result "0-1"]
[WhiteElo "1627"]
[BlackElo "1853"]
[PlyCount "62"]
[EventDate "2019.03.30"]

1. d4 d5 2. Bf4 e6 3. Nf3 Nf6 4. e3 Bd6 5. Bg3 O-O 6. Nbd2 b6 7. Bd3 Bb7 8. O-O
Qe7 9. Ne5 a6 10. c3 Nbd7 11. f3 Nh5 12. f4 Nxg3 13. hxg3 Nf6 14. Qf3 c5 15.
Kf2 g6 16. g4 Bxe5 17. dxe5 Nd7 18. g5 Rfd8 19. Rh1 Nf8 20. Rh6 d4 21. e4 dxc3
22. Nc4 cxb2 23. Rah1 b5 24. Qh3 Rxd3 25. Qxd3 bxc4 26. Qxc4 Qd7 27. Ke2 Rd8
28. Qc2 Qb5+ 29. Ke3 Rd4 30. Rd1 Rxd1 31. Qxd1 b1=Q 0-1

[Event "Championship Moscow 2019"]
[Site "?"]
[Date "2019.04.06"]
[Round "8.2"]
[White "Kozionov, Kirill"]
[Black "Vorobiov, Evgeny E"]
[Result "0-1"]
[WhiteElo "2426"]
[BlackElo "2548"]
[PlyCount "106"]
[EventDate "2019.??.??"]
[WhiteClock "0:14:19"]
[BlackClock "0:01:00"]

1. d4 d5 2. c4 dxc4 3. Nf3 e6 4. e3 Nf6 5. Bxc4 c5 6. O-O Nc6 7. Nc3 a6 8. a3
b5 9. Ba2 Bb7 10. d5 exd5 11. Nxd5 c4 12. e4 Be7 13. Bf4 O-O 14. Re1 Rc8 15.
Qd2 Nxd5 16. exd5 Nb8 17. Rad1 Bf6 18. Bb1 g6 19. Ne5 Nd7 20. Nc6 Bxc6 21. dxc6
Nc5 22. Qe3 Qb6 23. Bd6 Qxc6 24. Bxf8 Rxf8 25. b4 cxb3 26. Rc1 Rc8 27. Be4 Qd6
28. Bb1 Bd4 29. Qf3 Qf6 30. Qg3 h5 31. Re2 Rd8 32. h4 Kg7 33. Rce1 Bc3 34. Rf1
Bd4 35. Kh1 Na4 36. f4 Nc3 37. Ree1 Nxb1 38. Rxb1 b2 39. Rbd1 Re8 40. Qg5 Be3
41. Rfe1 Qxg5 42. fxg5 Bc1 43. Rxe8 b1=Q 44. Ree1 Qf5 45. Rxc1 Qf4 46. Kg1 Qd4+
47. Kf1 Qxh4 48. Rc5 Qf4+ 49. Ke2 Qe4+ 50. Kf1 Qd3+ 51. Re2 Qxa3 52. Rc7 Qd3
53. Rb7 Qb1+ 0-1

[Event "Championship Moscow 2019"]
[Site "?"]
[Date "2019.04.06"]
[Round "8.5"]
[White "Dvalishvili, Pavel S"]
[Black "Ivanov, Oleg V"]
[Result "1/2-1/2"]
[WhiteElo "2414"]
[BlackElo "2436"]
[PlyCount "66"]
[EventDate "2019.??.??"]
[WhiteClock "0:09:57"]
[BlackClock "1:05:38"]

1. e4 c5 2. Nf3 Nc6 3. Bb5 g6 4. O-O Bg7 5. Re1 Nf6 6. e5 Nd5 7. Nc3 Nc7 8.
Bxc6 dxc6 9. h3 O-O 10. d3 Ne6 11. Ne4 b6 12. Neg5 Nd4 13. c3 Nxf3+ 14. Nxf3
Bf5 15. d4 Qd5 16. Qe2 cxd4 17. Nxd4 Be6 18. Bg5 c5 19. Nxe6 Qxe6 20. Qg4 Qxg4
21. hxg4 f6 22. exf6 exf6 23. Bf4 Rfe8 24. Kf1 Kf7 25. a4 Rxe1+ 26. Rxe1 Rd8
27. f3 Bf8 28. b3 Bd6 29. Rd1 Ke7 30. Re1+ Kf7 31. Rd1 Ke7 32. Re1+ Kf7 33. Rd1
Ke7 1/2-1/2

[Event "Championship Moscow 2019"]
[Site "?"]
[Date "2019.04.06"]
[Round "8.7"]
[White "Savchenko, Boris"]
[Black "Ageichenko, Genadi A"]
[Result "1-0"]
[WhiteElo "2550"]
[BlackElo "2223"]
[PlyCount "79"]
[EventDate "2019.??.??"]
[WhiteClock "0:06:19"]
[BlackClock "0:05:51"]

1. e4 c5 2. Nf3 e6 3. d4 cxd4 4. Nxd4 Nc6 5. Nc3 d6 6. Bb5 Bd7 7. Nb3 a6 8. Be2
Be7 9. a3 Rc8 10. Be3 Na5 11. Qd4 Nf6 12. O-O O-O 13. Rfd1 Qc7 14. f3 Nc4 15.
Bxc4 Qxc4 16. Qa7 Rb8 17. Bc5 Ra8 18. Qb6 dxc5 19. Na5 Bd8 20. Nxc4 Bxb6 21.
Nxb6 Rad8 22. e5 Nd5 23. Ncxd5 exd5 24. Rxd5 Bf5 25. c4 Be6 26. Rd6 Rxd6 27.
exd6 Rd8 28. Rd1 a5 29. Na4 b5 30. Nxc5 bxc4 31. Nb7 Rd7 32. Nxa5 f6 33. Rd4
Kf7 34. Nxc4 Rb7 35. Ne3 Bd7 36. Nd1 Ke6 37. Kf2 Rb3 38. Rd2 Bc6 39. Nc3 Kd7
40. Ke2 1-0

[Event "Championship Moscow 2019"]
[Site "?"]
[Date "2019.04.06"]
[Round "8.11"]
[White "Kurdakov, Yuri"]
[Black "Dragomarezkij, Evgeni"]
[Result "0-1"]
[WhiteElo "2125"]
[BlackElo "2364"]
[PlyCount "124"]
[EventDate "2019.??.??"]
[WhiteClock "0:04:39"]
[BlackClock "0:01:18"]

1. c4 Nf6 2. Nf3 c5 3. Nc3 g6 4. g3 b6 5. Bg2 Bb7 6. O-O Bg7 7. b3 Ne4 8. Bb2
Nxc3 9. Bxc3 Bxc3 10. dxc3 d6 11. Re1 Nd7 12. e4 Qc7 13. Nd2 h5 14. Nf1 h4 15.
Ne3 e6 16. Qc2 hxg3 17. hxg3 O-O-O 18. Nf1 Ne5 19. f4 Ng4 20. Qe2 Nf6 21. Qc2
e5 22. fxe5 dxe5 23. Rad1 Nh5 24. Rxd8+ Qxd8 25. Rd1 Qg5 26. Qd3 Nf6 27. Rd2
Qg4 28. Nh2 Qe6 29. Nf1 Ng4 30. Bf3 Re8 31. Qe2 Nf6 32. Qd3 Qh3 33. Bg2 Qg4 34.
Bf3 Qd7 35. Qe3 Qe7 36. Qd3 Rd8 37. Qxd8+ Qxd8 38. Rxd8+ Kxd8 39. Nd2 Ne8 40.
Kf2 Ke7 41. Ke3 Nd6 42. Kf2 Ke6 43. Ke3 f5 44. Bg2 Kf6 45. Bh1 Nf7 46. Bf3 Nd6
47. b4 Ba6 48. exf5 gxf5 49. Bd5 Bb7 50. bxc5 bxc5 51. Bg8 Ne4 52. Nxe4+ Bxe4
53. a3 Bc6 54. Kf2 Kg5 55. Be6 Be4 56. Bd5 Bc2 57. Bg2 f4 58. gxf4+ Kxf4 59.
Ke2 Be4 60. Bh3 Bf3+ 61. Ke1 Ke3 62. Bf5 e4 0-1

[Event "Championship Moscow 2019"]
[Site "?"]
[Date "2019.04.06"]
[Round "8.12"]
[White "Pavlov, Mark"]
[Black "Gubajdullin, Alexei"]
[Result "0-1"]
[WhiteElo "2001"]
[BlackElo "2375"]
[Annotator "icy"]
[PlyCount "106"]
[EventDate "2019.??.??"]
[WhiteClock "0:19:26"]
[BlackClock "0:48:07"]

1. d4 g6 2. Nf3 Bg7 3. Bg5 h6 4. Bh4 c5 5. c3 Qb6 6. Qc2 cxd4 7. cxd4 Nc6 8. e3
d6 9. Nc3 Bf5 10. Qd2 g5 11. Bg3 Nf6 12. Be2 O-O 13. O-O Rfc8 14. Ne1 Na5 15.
b3 Qb4 16. Rc1 Nd5 17. a3 Qxb3 18. Bd1 Nxc3 19. Bxb3 Nxb3 20. Qxc3 Rxc3 21.
Rxc3 Nd2 22. Rc7 Rc8 23. Rxb7 Rc1 24. f4 Bd3 25. Rf3 g4 26. Rb2 Nc4 27. Rb3 Be2
28. Rf1 Bxf1 29. Rb8+ Kh7 30. Kxf1 Nxe3+ 31. Ke2 Bxd4 32. Kd3 Nf5 33. Nc2 Bc5
34. Be1 Nd4 35. Nxd4 Rxe1 36. Nc6 Re3+ 37. Kd2 Rxa3 38. Nxe7 Be3+ 39. Ke2 Bxf4
40. Nd5 Be5 41. Rb7 Kg7 42. Ne3 h5 43. h3 g3 44. Nc2 Ra2 45. Kd3 a5 46. Ne3 a4
47. Ra7 a3 48. Ke4 Kf6 49. Nd5+ Kg6 50. Ne7+ Kh7 51. Nf5 Rxg2 52. Rxa3 Re2+ 53.
Kf3 g2 0-1

[Event "Championship Moscow 2019"]
[Site "Ìîñêâà, ÐÃÑÓ, óë.Ò]
[Date "2019.04.06"]
[Round "8.13"]
[White "Tunik, Sergey"]
[Black "Prokopchuk, Yury"]
[Result "1-0"]
[WhiteElo "2167"]
[BlackElo "2237"]
[PlyCount "63"]
[EventDate "2019.03.30"]

1. d4 Nf6 2. c4 e6 3. g3 d5 4. Bg2 Bb4+ 5. Bd2 Be7 6. Nf3 O-O 7. O-O c6 8. Qc2
Ne4 9. Bf4 Nd7 10. Nc3 f5 11. c5 g5 12. Be3 Bf6 13. Rfd1 Qe7 14. b4 Qg7 15.
Nxe4 dxe4 16. Ne5 Nxe5 17. dxe5 Bxe5 18. Rab1 f4 19. Bc1 e3 20. Be4 exf2+ 21.
Kg2 fxg3 22. hxg3 f1=Q+ 23. Rxf1 Rxf1 24. Kxf1 Bxg3 25. Rb3 Bh4 26. Rf3 Bd7 27.
Bb2 e5 28. Qc4+ Kh8 29. Rf7 Rd8 30. Rxg7 Bh3+ 31. Kg1 Bg3 32. Rxh7# 1-0

[Event "Championship Moscow 2019"]
[Site "Ìîñêâà, ÐÃÑÓ, óë.Ò]
[Date "2019.04.06"]
[Round "8.14"]
[White "Obolentseva, Alexandra"]
[Black "Rozanov, Pavel B"]
[Result "1-0"]
[WhiteElo "2324"]
[BlackElo "2235"]
[PlyCount "59"]
[EventDate "2019.03.30"]

1. d4 e6 2. c4 f5 3. g3 Nf6 4. Bg2 d5 5. Nf3 Bd6 6. O-O c6 7. b3 Qe7 8. Bb2 b6
9. Ne5 Bb7 10. cxd5 cxd5 11. Nd2 O-O 12. Rc1 a5 13. Ndf3 Na6 14. e3 Rac8 15.
Rxc8 Rxc8 16. Qb1 Nb4 17. Rc1 Rxc1+ 18. Bxc1 Ne4 19. Bb2 Qc7 20. a3 Nc6 21. Bf1
Nxe5 22. dxe5 Bc5 23. Qc1 Qe7 24. Nd4 h6 25. Bd3 Ng5 26. Qc2 Nh7 27. Nxe6 d4
28. Bxf5 Nf8 29. Qc4 Bxa3 30. Ng5+ 1-0

[Event "Championship Moscow 2019"]
[Site "Ìîñêâà, ÐÃÑÓ, óë.Ò]
[Date "2019.04.06"]
[Round "8.15"]
[White "Anfinogenov, Artem"]
[Black "Tsoi, Dmitry"]
[Result "0-1"]
[WhiteElo "2065"]
[BlackElo "2376"]
[PlyCount "62"]
[EventDate "2019.03.30"]

1. c4 f5 2. d4 Nf6 3. Nc3 e6 4. Qc2 Be7 5. e3 O-O 6. Bd3 Nc6 7. a3 e5 8. Bxf5
exd4 9. Nd5 g6 10. Bd3 Nxd5 11. cxd5 Ne5 12. Be4 c5 13. exd4 cxd4 14. f4 Qa5+
15. Bd2 Qb5 16. Nh3 d6 17. Nf2 Ng4 18. Bxg6 Bh4 19. g3 Ne3 20. Qd3 Qd7 21. Qxd4
hxg6 22. Bxe3 Bf6 23. Qd2 Qg7 24. Nd3 Re8 25. Kf2 Bf5 26. Rhe1 Bd4 27. Kf1 Bh3+
28. Kg1 Rxe3 29. Rxe3 Re8 30. Rae1 Qe7 31. Kf2 Qe4 0-1

[Event "Championship Moscow 2019"]
[Site "Ìîñêâà, ÐÃÑÓ, óë.Ò]
[Date "2019.04.06"]
[Round "8.16"]
[White "Tarasov, Danila"]
[Black "Makarian, Rudik"]
[Result "0-1"]
[WhiteElo "1934"]
[BlackElo "2358"]
[PlyCount "74"]
[EventDate "2019.03.30"]

1. e4 c6 2. e5 d6 3. f4 Nh6 4. Nf3 Bg4 5. c3 dxe5 6. fxe5 e6 7. d4 Nf5 8. Bd3
c5 9. h3 Bxf3 10. Qxf3 Qh4+ 11. Kd1 Nc6 12. g4 Nfe7 13. Nd2 h5 14. Ne4 hxg4 15.
Nd6+ Kd7 16. Qxf7 Qh5 17. d5 Nd8 18. dxe6+ Kc7 19. Qf4 Nxe6 20. Qc4 Qxe5 21.
Nf7 Qg3 22. Nxh8 Rd8 23. Kc2 Nc6 24. Rd1 Ne5 25. Qxe6 Rxd3 26. Bf4 Qg2+ 27. Rd2
Rxd2+ 28. Bxd2 Qe4+ 29. Kd1 g3 30. Be1 g2 31. Bf2 Qd3+ 32. Kc1 Qf1+ 33. Kc2
Qxf2+ 34. Kb3 c4+ 35. Ka4 Qc5 36. b4 b5+ 37. Ka3 Qe3 0-1

[Event "Championship Moscow 2019"]
[Site "Ìîñêâà, ÐÃÑÓ, óë.Ò]
[Date "2019.04.06"]
[Round "8.17"]
[White "Makarenko, Aleksandr"]
[Black "Zhukov, Anton"]
[Result "0-1"]
[WhiteElo "2215"]
[BlackElo "2076"]
[PlyCount "122"]
[EventDate "2019.03.30"]

1. d4 Nf6 2. c4 e6 3. Nc3 Bb4 4. e3 O-O 5. Nge2 d5 6. a3 Be7 7. Ng3 Nbd7 8.
cxd5 exd5 9. Bd3 c6 10. O-O Re8 11. Bd2 Nf8 12. Be1 g6 13. f3 c5 14. Bf2 cxd4
15. exd4 Ne6 16. Re1 a6 17. Rc1 h5 18. Qb3 Nf4 19. Bb1 b5 20. Nge2 Ne6 21. Rcd1
Bb7 22. Nc1 Bd6 23. Nd3 Qc7 24. h3 Bh2+ 25. Kh1 Bg3 26. Bxg3 Qxg3 27. Ne2 Qh4
28. Qb4 Rad8 29. a4 Bc8 30. Qd2 Nxd4 31. Nxd4 Qxd4 32. axb5 axb5 33. Qg5 Nh7
34. Qg3 Qf6 35. b4 Bf5 36. Ba2 Bxd3 37. Rxd3 Rxe1+ 38. Qxe1 d4 39. Qd2 Kg7 40.
f4 Qd6 41. f5 Qe5 42. Rf3 Nf6 43. Qg5 Ra8 44. Qd2 Ne4 45. f6+ Kh7 46. Qb2 Ng3+
47. Kh2 h4 48. Qb3 Ra7 49. Qb1 Rc7 50. Bb3 Ne2+ 51. g3 hxg3+ 52. Kg2 Rc1 53.
Bxf7 Rxb1 54. Bg8+ Kh8 55. h4 Rg1+ 56. Kh3 Rh1+ 57. Kg2 Rh2+ 58. Kf1 g2+ 59.
Ke1 g1=Q+ 60. Kd2 Nc3+ 61. Rf2 Rxf2+ 0-1

[Event "Championship Moscow 2019"]
[Site "Ìîñêâà, ÐÃÑÓ, óë.Ò]
[Date "2019.04.06"]
[Round "8.18"]
[White "Chudinovskikh, Alexander M"]
[Black "Khmelev, Mikhail"]
[Result "1/2-1/2"]
[WhiteElo "2206"]
[BlackElo "1995"]
[PlyCount "108"]
[EventDate "2019.03.30"]

1. d4 g6 2. e4 Bg7 3. Nc3 d6 4. f4 a6 5. Nf3 b5 6. Bd3 Bb7 7. a4 b4 8. Ne2 Nf6
9. Ng3 h5 10. e5 Ng4 11. h3 Nh6 12. O-O e6 13. Qe1 a5 14. c3 bxc3 15. bxc3 d5
16. Ba3 Ba6 17. Bxa6 Rxa6 18. Rf2 Bf8 19. Rb2 Nd7 20. Bxf8 Kxf8 21. Rab1 Kg7
22. Qe2 Rb6 23. Rb5 h4 24. Nf1 Nf5 25. Ne3 Nxe3 26. Qxe3 c6 27. R5b3 Rxb3 28.
Rxb3 Nb6 29. Qc1 Nc4 30. Qe1 Rh5 31. Ng5 Rxg5 32. fxg5 Qxg5 33. Qf1 Nd2 34.
Qf6+ Qxf6 35. exf6+ Kxf6 36. Rb7 Ne4 37. Ra7 Nxc3 38. Rxa5 Ne2+ 39. Kf2 Nxd4
40. Ra7 c5 41. Rb7 Nc6 42. Rb6 Ne5 43. a5 Nc4 44. Rb5 Nxa5 45. Rxa5 c4 46. Ra7
e5 47. Ke3 Ke6 48. Ra6+ Kf5 49. Rc6 g5 50. Kf3 f6 51. Rc8 Ke6 52. Rc6+ Kf5 53.
Rc8 Ke6 54. Rc6+ Kf5 1/2-1/2

[Event "Championship Moscow 2019"]
[Site "Ìîñêâà, ÐÃÑÓ, óë.Ò]
[Date "2019.04.06"]
[Round "8.19"]
[White "Yarygin, Maksim"]
[Black "Zverev, Lev"]
[Result "1-0"]
[WhiteElo "2204"]
[BlackElo "1703"]
[PlyCount "195"]
[EventDate "2019.03.30"]

1. e4 e5 2. Nc3 Nf6 3. Nf3 Nc6 4. g3 d5 5. exd5 Nxd5 6. Bg2 Nxc3 7. bxc3 Bc5 8.
O-O O-O 9. d3 Bb6 10. Qe1 Re8 11. Qe4 Qf6 12. Ng5 Bf5 13. Qa4 h6 14. Ne4 Qe6
15. Be3 Bh3 16. Nc5 Bxc5 17. Bxh3 Qxh3 18. Bxc5 e4 19. d4 Rad8 20. Qc4 Qh5 21.
Rae1 Re6 22. Qe2 Qf5 23. Kg2 b6 24. Ba3 Qa5 25. Bb2 Qxa2 26. Rb1 Na5 27. Ba1
Qc4 28. Rfe1 Qc6 29. Qb5 Qxb5 30. Rxb5 c6 31. Rb4 b5 32. Rbb1 Nc4 33. Bb2 a5
34. Bc1 Rde8 35. Ra1 a4 36. h4 f5 37. Be3 Kf7 38. Reb1 Rd8 39. Rb4 Rd5 40. Rxc4
bxc4 41. Rxa4 Rb5 42. Rxc4 Rb2 43. Rc5 Rf6 44. d5 cxd5 45. Rxd5 Rxc2 46. Bd4
Re6 47. Kh3 g6 48. h5 gxh5 49. Rxf5+ Kg6 50. Rf8 Re7 51. Rf6+ Kh7 52. Rc6 Rd7
53. Be3 Rd3 54. Rxh6+ Kg7 55. Re6 Rcxc3 56. Rxe4 Rc6 57. Re5 Rd1 58. Kg2 Rc2
59. Rxh5 Rd6 60. g4 Rc4 61. Kg3 Re6 62. Rf5 Kg6 63. Rd5 Rc3 64. Kf3 Rf6+ 65.
Kg2 Re6 66. Bd2 Rc2 67. Kg3 Rc4 68. f3 Rb6 69. f4 Rb3+ 70. Kh4 Rb7 71. f5+ Kf7
72. Kh5 Rcc7 73. Bf4 Rd7 74. Ra5 Rd4 75. Be5 Rd1 76. Ra6 Re7 77. Bf6 Red7 78.
Be5 Re7 79. Bf4 Rd5 80. Kg5 Red7 81. Rf6+ Kg8 82. Kh5 Rf7 83. Rg6+ Kh7 84. Rh6+
Kg8 85. Ra6 Rfd7 86. Bh6 R7d6 87. Ra7 Rd7 88. Ra8+ Rd8 89. Ra4 Rd4 90. Ra2 R8d6
91. g5 R4d5 92. Rf2 Kf7 93. f6 Rd7 94. Bg7 Kg8 95. Kh6 R5d6 96. Ra2 Rd2 97.
Ra8+ Rd8 98. Kg6 1-0

[Event "Championship Moscow 2019"]
[Site "Ìîñêâà, ÐÃÑÓ, óë.Ò]
[Date "2019.04.06"]
[Round "8.20"]
[White "Zaitsev, Vitaly"]
[Black "Volodin, Viktor"]
[Result "1/2-1/2"]
[WhiteElo "1968"]
[BlackElo "2191"]
[Annotator "icy"]
[PlyCount "47"]
[EventDate "2019.03.30"]

1. d4 d5 2. c4 e6 3. Nc3 Nf6 4. cxd5 exd5 5. Bg5 Be7 6. e3 c6 7. Bd3 Nbd7 8.
Qc2 Nf8 9. Nf3 Ne6 10. Bh4 g6 11. O-O O-O 12. Rab1 a5 13. a3 Ng7 14. b4 axb4
15. axb4 Bf5 16. b5 Bxd3 17. Qxd3 Nf5 18. Bxf6 Bxf6 19. bxc6 bxc6 20. Ra1 Nd6
21. Nd2 Qb6 22. Rab1 Qa5 23. Nb3 Qb4 24. Nc5 {çàïèüñ íåÿñíà}
1/2-1/2

[Event "Championship Moscow 2019"]
[Site "Ìîñêâà, ÐÃÑÓ, óë.Ò]
[Date "2019.04.06"]
[Round "8.21"]
[White "Pak, Nikita"]
[Black "Tarasov, Oleg"]
[Result "0-1"]
[WhiteElo "1916"]
[BlackElo "2175"]
[PlyCount "70"]
[EventDate "2019.03.30"]

1. c4 c6 2. Nf3 d5 3. cxd5 cxd5 4. d4 Nf6 5. Bf4 Nc6 6. Nc3 a6 7. e3 Bg4 8. Be2
e6 9. O-O Be7 10. Ne5 Bxe2 11. Qxe2 Nxe5 12. Bxe5 O-O 13. Bxf6 Bxf6 14. Rfd1
Rc8 15. Rac1 Qa5 16. a3 Rc4 17. Ne4 Rfc8 18. Rxc4 Rxc4 19. Nd6 Rc7 20. Ne8 Rc6
21. Nxf6+ gxf6 22. Qg4+ Kf8 23. Qf4 Ke7 24. g4 Qc7 25. Qxc7+ Rxc7 26. a4 Rc2
27. b3 Kd7 28. Rb1 Kc6 29. b4 Kd6 30. b5 a5 31. Ra1 e5 32. dxe5+ fxe5 33. Kf1
Kc5 34. Ke1 Kb4 35. h4 Rc4 0-1

[Event "Championship Moscow 2019"]
[Site "Ìîñêâà, ÐÃÑÓ, óë.Ò]
[Date "2019.04.06"]
[Round "8.22"]
[White "Khudyakov, Stanislav"]
[Black "Fedorov, Nikita"]
[Result "0-1"]
[WhiteElo "2106"]
[BlackElo "2030"]
[PlyCount "108"]
[EventDate "2019.03.30"]

1. e4 e6 2. d4 d5 3. Nc3 Bb4 4. e5 Qd7 5. a3 Bxc3+ 6. bxc3 b6 7. a4 Ba6 8. Bxa6
Nxa6 9. Qd3 Nb8 10. a5 Nc6 11. axb6 cxb6 12. Nf3 Nge7 13. O-O Na5 14. Nh4 Nec6
15. Qg3 Rg8 16. f4 Ne7 17. Ba3 Nf5 18. Nxf5 exf5 19. Qh4 h6 20. e6 fxe6 21.
Rfe1 Kf7 22. Qh5+ g6 23. Qxh6 Rh8 24. Qg5 Nc4 25. Re2 Qd8 26. Qg3 Qh4 27. Rxe6
Qxg3 28. Re7+ Kf6 29. hxg3 Rhe8 30. Rd7 Re2 31. Bd6 Ne3 32. Be5+ Ke6 33. Rd6+
Ke7 34. Rxg6 Rxg2+ 35. Kh1 Rxc2 36. Rxb6 axb6 37. Rxa8 Rxc3 38. Ra7+ Ke6 39.
Rb7 Rb3 40. Bc7 b5 41. Bb6 Nf1 42. g4 Ng3+ 43. Kg2 fxg4 44. Rg7 Nf5 45. Rg6+
Kf7 46. Rg5 Nh4+ 47. Kf2 Rf3+ 48. Ke2 Rxf4 49. Rxd5 g3 50. Rxb5 Rf2+ 51. Kd3 g2
52. Rg5 Rb2 53. Bc5 Nf3 54. Rf5+ Kg6 0-1

[Event "Championship Moscow 2019"]
[Site "Ìîñêâà, ÐÃÑÓ, óë.Ò]
[Date "2019.04.06"]
[Round "8.23"]
[White "Anisimov, Yuri"]
[Black "Pesotskiy, Mikhail"]
[Result "0-1"]
[WhiteElo "1919"]
[BlackElo "2300"]
[PlyCount "136"]
[EventDate "2019.03.30"]

1. d4 Nf6 2. c4 e6 3. Nf3 c5 4. Nc3 cxd4 5. Nxd4 b6 6. e4 Bb7 7. Bd3 d6 8. Qe2
Be7 9. O-O O-O 10. Be3 Nbd7 11. Rad1 a6 12. Bb1 Qc7 13. f4 Rac8 14. b3 b5 15.
Ncxb5 axb5 16. Nxb5 Qb8 17. Bd4 e5 18. fxe5 dxe5 19. Bb2 Rcd8 20. Nc3 Bc5+ 21.
Kh1 Bd4 22. Nd5 Bxb2 23. Qxb2 Bxd5 24. exd5 e4 25. Qe2 Rfe8 26. d6 Re6 27. g4
Ne8 28. c5 Nxc5 29. Qf2 Nxd6 30. Qxc5 e3 31. Rde1 e2 32. Rf2 Qa8+ 33. Kg1 Ne4
34. Bxe4 Rxe4 35. Qf5 Rde8 36. Qxf7+ Kh8 37. Qf5 Qa7 38. Kg2 Qe7 39. h3 h6 40.
Qf7 Qb4 41. Qxe8+ Rxe8 42. Rexe2 Rd8 43. Rf3 Rd1 44. Ref2 Qe1 45. Rf1 Qe2+ 46.
R1f2 Qe4 47. a4 Rb1 48. Kh2 Qb4 49. Kg2 Rxb3 50. Rxb3 Qxb3 51. Rf4 Qe3 52. Rf3
Qe4 53. a5 Qa8 54. Kg3 Qxa5 55. h4 Qe5+ 56. Kg2 g6 57. Rf2 Kg7 58. Rf3 Qe2+ 59.
Kg3 Qe1+ 60. Kh3 Qh1+ 61. Kg3 g5 62. hxg5 hxg5 63. Kf2 Qh2+ 64. Kf1 Qh4 65. Kg2
Qxg4+ 66. Rg3 Qe4+ 67. Kh3 Kg6 68. Rg2 Qh4# 0-1

[Event "Championship Moscow 2019"]
[Site "Ìîñêâà, ÐÃÑÓ, óë.Ò]
[Date "2019.04.06"]
[Round "8.24"]
[White "Zenin, Dmitry"]
[Black "Akhmedov, David"]
[Result "1/2-1/2"]
[WhiteElo "2236"]
[BlackElo "1657"]
[PlyCount "80"]
[EventDate "2019.03.30"]

1. d4 Nf6 2. c4 g6 3. Nc3 Bg7 4. e4 O-O 5. Nf3 d6 6. Be2 Nbd7 7. O-O e5 8. Qc2
c6 9. Rd1 Qc7 10. Rb1 a5 11. b3 Re8 12. a3 exd4 13. Nxd4 Nc5 14. f3 Ne6 15.
Nxe6 Bxe6 16. Bf4 Red8 17. c5 Bf8 18. Kh1 Nh5 19. cxd6 Qb6 20. Be5 Qf2 21. Rd2
Qc5 22. f4 f6 23. b4 axb4 24. axb4 Qe3 25. Nd1 Qa3 26. Bb2 Qa4 27. Bc4 Nxf4 28.
Bxe6+ Nxe6 29. Qc4 Qa2 30. Qxa2 Rxa2 31. Nc3 Raa8 32. Rbd1 Rd7 33. e5 fxe5 34.
Ne4 Bg7 35. Nc5 Nxc5 36. bxc5 b6 37. cxb6 Rb8 38. Ba3 Rxb6 39. Bc5 Rb5 40. Rc2
e4 1/2-1/2